| 000 | 00476nam a2200181 a 4500 | ||
|---|---|---|---|
| 005 | 20241114063739.0 | ||
| 008 | 991125s1988 ag 000 0 spa u | ||
| 035 | _aUPN01000005072 | ||
| 049 | _aCG | ||
| 050 | 4 |
_aRA785 _bM4.2 |
|
| 100 | 1 |
_aMello, Anthony de _929288 |
|
| 245 | 1 | 0 |
_aAutoliberación interior / _cAnthony de Mello. |
| 260 |
_aBuenos Aires : _bLumen, _c1988. |
||
| 300 | _a157 p. | ||
| 650 | 4 |
_aSalud mental _922888 |
|
| 650 | 4 |
_aRELAJACION _98496 |
|
| 905 | _aLibro | ||
| 999 |
_c5072 _d5072 |
||